000 01495namaa22003131i 4500
005 20260415124749.0
008 260415s1995 ua a|||frm||| 000 0 eng d
040 _aEG-GICUC
_beng
_cEG-GICUC
_dEG-GICUC
_erda
041 0 _aeng
_beng
_bara
049 _aDeposit
097 _aM.Sc
099 _aCai01.11.14.M.Sc.1995.Mo.C
100 0 _aMohammad Fat-Hi Abdel Maguid,
_epreparation.
245 1 0 _aComparison between calcium alginate dressings and medicated paraffin gauze in healing of skin graft donor sites /
_cBy Mohammad Fat-Hi Abdel Maguid ; Supervisors Prof. Dr. Mohammad Shawi Kamal, Prof. Dr. Salah Abdel Ghany
246 1 5 _aمقارنة بين ضمادات الجينات الكالسيوم وشاش البارافين المشبع بالدواء في التئام الاماكن المعطية للرقع الجلدية
264 0 _c1995.
300 _a100 Leaves
_billustrations
_c30 cm. +
336 _2rda content
_atext
337 _2rdamedia
_aUnmediated
338 _2rdacarrier
_avolume
502 _aThesis (M.Sc.)-Cairo University, 1995
504 _aBibliography: pages 94-100
653 0 _acalcium alginate dressings
_amedicated paraffin gauze
_ahealing of skin graft donor sites
700 0 _aMohammad Shawi Kamal
_ethesis advisor.
700 0 _aSalah Abdel Ghany
_ethesis advisor.
900 _DDepartment of General Surgery
_FFaculty of Medicine
_UCairo University
_b1995
_cMohammad Shawi Kamal
_cSalah Abdel Ghany
905 _aNehad
942 _2ddc
_cTH
_e21
_n0
999 _c179503